000 00330cam a2200157ua 4500
001 897
008 120619n II |||gr||||Z||||||asm
040 _aMAIN
041 _aEnglish
082 _a891.451 DUT
100 _aDUTTA, DANDIRAM.
245 _aDAKAR BACHAN
300 _c20CM.
653 _aASSAMESE LITERATURE
942 _cBK
999 _c897
_d897